[Event "RA Fall op"]
[Site "Ottawa CAN"]
[Date "2017.09.30"]
[Round "2"]
[White "Collins, Chris"]
[Black "Mahdjoubi, Abdelaziz"]
[Result "1-0"]
[WhiteElo "2075"]
[BlackElo "1950"]
[WhiteFideId "-1"]
[WhiteFideId "-1"]
[PlyCount "65"]
[GameId "2160767908330253"]
[EventDate "2017.09.29"]
[EventType "swiss"]
[EventRounds "5"]
[EventCountry "CAN"]
[SourceTitle "EXT 2022"]
[Source "ChessBase"]
[SourceDate "2021.10.06"]
[SourceVersion "1"]
[SourceVersionDate "2021.10.06"]
[SourceQuality "1"]

1. e4 c5 2. Nf3 Nc6 3. d4 cxd4 4. Nxd4 Nf6 5. Nc3 d6 6. Bc4 g6 7. Nxc6 bxc6 8. e5 Nd7 9. exd6 exd6 10. O-O Ne5 11. Re1 Be7 12. Bf1 O-O 13. Bh6 Re8 14. h3 Bg5 15. Bxg5 Qxg5 16. Ne4 Qf4 17. Qxd6 Re6 18. Qd2 Qh4 19. Ng5 Re8 20. f4 f6 21. Ne4 Nd7 22. Nd6 Rxe1 23. Rxe1 Nf8 24. Re8 Bb7 25. Re7 Bc8 26. Bc4+ Kh8 27. Nf7+ Kg7 28. Ng5+ Kh6 29. Nf7+ Kg7 30. Qd4 g5 31. Nxg5+ Kg6 32. Qe4+ f5 33. Qxc6+ 1-0

[Event "RA Fall op"]
[Site "Ottawa CAN"]
[Date "2017.09.30"]
[Round "2"]
[White "Lanceman, Stefan"]
[Black "Donev, Danail"]
[Result "1/2-1/2"]
[WhiteElo "1985"]
[BlackElo "1945"]
[WhiteFideId "-1"]
[WhiteFideId "-1"]
[PlyCount "109"]
[GameId "2160767908330254"]
[EventDate "2017.09.29"]
[EventType "swiss"]
[EventRounds "5"]
[EventCountry "CAN"]
[SourceTitle "EXT 2022"]
[Source "ChessBase"]
[SourceDate "2021.10.06"]
[SourceVersion "1"]
[SourceVersionDate "2021.10.06"]
[SourceQuality "1"]

1. e4 c5 2. Nf3 d6 3. d4 cxd4 4. Qxd4 Nc6 5. Bb5 Bd7 6. Bxc6 Bxc6 7. Nc3 Nf6 8. Bg5 e6 9. O-O-O Be7 10. Rhe1 Qb6 11. Qxb6 axb6 12. Nd4 Ng4 13. Bxe7 Kxe7 14. f3 Nf6 15. Kb1 Rhd8 16. g4 g6 17. b3 Nd7 18. Nd5+ Kf8 19. Nc7 Rac8 20. Ncb5 Ke7 21. c4 Nc5 22. Nc3 e5 23. Ndb5 Ne6 24. Nd5+ Bxd5 25. Rxd5 Nc7 26. Nxc7 Rxc7 27. Red1 Rc6 28. Kb2 f5 29. gxf5 gxf5 30. Rg1 Rf8 31. Rg7+ Rf7 32. Rxf7+ Kxf7 33. Kc3 fxe4 34. fxe4 Ke6 35. Kb4 Rc7 36. Kb5 Rf7 37. Rd2 Rf4 38. Re2 Kd7 39. Kxb6 Kc8 40. b4 Rf3 41. Kb5 Kc7 42. c5 dxc5 43. Kxc5 Rd3 44. a4 h5 45. a5 Rd1 46. Rc2 Rd4 47. Rc4 Rd2 48. h4 Rd1 49. Kb5+ Kb8 50. Kb6 Rd4 51. Kb5 Rd1 52. Kb6 Rd4 53. Kb5 Rd1 54. Kb6 Rd4 55. Kb5 1/2-1/2

[Event "RA Fall op"]
[Site "Ottawa CAN"]
[Date "2017.09.30"]
[Round "2"]
[White "Marin, Sam"]
[Black "Doubleday, William"]
[Result "1-0"]
[WhiteElo "2027"]
[BlackElo "2028"]
[WhiteFideId "-1"]
[WhiteFideId "-1"]
[PlyCount "71"]
[GameId "2160767908330255"]
[EventDate "2017.09.29"]
[EventType "swiss"]
[EventRounds "5"]
[EventCountry "CAN"]
[SourceTitle "EXT 2022"]
[Source "ChessBase"]
[SourceDate "2021.10.06"]
[SourceVersion "1"]
[SourceVersionDate "2021.10.06"]
[SourceQuality "1"]

1. c4 e6 2. Nc3 d5 3. d4 c6 4. Nf3 Nf6 5. Bf4 Bd6 6. Bxd6 Qxd6 7. e3 Nbd7 8. Bd3 a6 9. O-O O-O 10. Qe2 b6 11. e4 dxe4 12. Nxe4 Nxe4 13. Bxe4 Bb7 14. Rad1 Rfd8 15. Ne5 Nxe5 16. dxe5 Qe7 17. Rxd8+ Rxd8 18. Rd1 g6 19. g3 Rd7 20. Qf3 Qd8 21. Rxd7 Qxd7 22. h4 h5 23. b4 Qd2 24. b5 Qc1+ 25. Kg2 Qxc4 26. bxc6 Bc8 27. Qd3 Qxd3 28. Bxd3 Kf8 29. Kf3 Ke7 30. Kf4 f5 31. Kg5 Kf7 32. a4 Kg7 33. Be2 Kf7 34. Kh6 Kg8 35. Kxg6 Kf8 36. Kxh5 1-0

[Event "RA Fall op"]
[Site "Ottawa CAN"]
[Date "2017.09.30"]
[Round "2"]
[White "Miller, Rachel"]
[Black "Gordon, David"]
[Result "0-1"]
[WhiteElo "1884"]
[BlackElo "2315"]
[WhiteFideId "-1"]
[WhiteFideId "-1"]
[PlyCount "52"]
[GameId "2160767908330256"]
[EventDate "2017.09.29"]
[EventType "swiss"]
[EventRounds "5"]
[EventCountry "CAN"]
[SourceTitle "EXT 2022"]
[Source "ChessBase"]
[SourceDate "2021.10.06"]
[SourceVersion "1"]
[SourceVersionDate "2021.10.06"]
[SourceQuality "1"]

1. e4 c5 2. Nc3 Nc6 3. f4 g6 4. Nf3 Bg7 5. Bb5 Nd4 6. O-O a6 7. Bd3 e6 8. Nxd4 Bxd4+ 9. Kh1 Qh4 10. Qf3 Nf6 11. Be2 h5 12. e5 Ng4 13. h3 f5 14. Nd1 g5 15. c3 Nf2+ 16. Nxf2 g4 17. Nxg4 hxg4 18. Qd3 Bf2 19. b3 b5 20. Bf3 Rb8 21. Bxg4 fxg4 22. Qg6+ Kd8 23. Qg5+ Qxg5 24. fxg5 Rxh3+ 25. gxh3 Bb7+ 26. Kh2 g3# 0-1

[Event "RA Fall op"]
[Site "Ottawa CAN"]
[Date "2017.09.30"]
[Round "2"]
[White "Pacey, Kevin"]
[Black "Sadeghi, Saeid"]
[Result "1/2-1/2"]
[WhiteElo "2161"]
[BlackElo "2098"]
[WhiteFideId "-1"]
[WhiteFideId "-1"]
[PlyCount "130"]
[GameId "2160767908330257"]
[EventDate "2017.09.29"]
[EventType "swiss"]
[EventRounds "5"]
[EventCountry "CAN"]
[SourceTitle "EXT 2022"]
[Source "ChessBase"]
[SourceDate "2021.10.06"]
[SourceVersion "1"]
[SourceVersionDate "2021.10.06"]
[SourceQuality "1"]

1. f4 d5 2. Nf3 Bg4 3. Ne5 Bh5 4. c4 Nd7 5. Qb3 Nxe5 6. fxe5 dxc4 7. Qxb7 Bg4 8. Qc6+ Bd7 9. Qxc4 e6 10. g3 Ne7 11. Bg2 Rb8 12. O-O Nf5 13. a3 Rb5 14. b4 Be7 15. Nc3 Rb8 16. d3 Bg5 17. Qc5 Bxc1 18. Rfxc1 a6 19. Rab1 Ne7 20. Be4 O-O 21. Rf1 Rb6 22. Rbc1 Bc6 23. Qf2 Bxe4 24. Nxe4 Ng6 25. Rc5 Rb5 26. Rfc1 Nxe5 27. Rxb5 axb5 28. Rc5 Ng4 29. Qf4 Qd4+ 30. Kg2 Ne3+ 31. Kh3 Nd5 32. Qf2 Qe5 33. Nc3 Qh5+ 34. Kg2 Qg6 35. Nxd5 exd5 36. Rxc7 f5 37. Qf4 Re8 38. Rc2 Qf6 39. h4 d4 40. Kf2 h6 41. Rc5 Qe6 42. Qf3 f4 43. Qd5 fxg3+ 44. Kxg3 Qxd5 45. Rxd5 Rxe2 46. Rxb5 Re3+ 47. Kf4 Rxd3 48. a4 Ra3 49. a5 d3 50. Ke3 Kf7 51. Rb6 g5 52. hxg5 hxg5 53. Rd6 g4 54. Rxd3 Ra4 55. Rb3 Ke6 56. Kf4 Kd5 57. Kxg4 Kc4 58. Rb1 Kc3 59. Kf5 Kc2 60. Re1 Rxb4 61. a6 Ra4 62. Re6 Ra5+ 63. Kf6 Kb3 64. Ke7 Kb4 65. Kd7 Kb5 1/2-1/2

[Event "RA Fall op"]
[Site "Ottawa CAN"]
[Date "2017.09.30"]
[Round "3"]
[White "Donev, Danail"]
[Black "Collins, Chris"]
[Result "1/2-1/2"]
[WhiteElo "1945"]
[BlackElo "2075"]
[WhiteFideId "-1"]
[WhiteFideId "-1"]
[PlyCount "87"]
[GameId "2160767908330258"]
[EventDate "2017.09.29"]
[EventType "swiss"]
[EventRounds "5"]
[EventCountry "CAN"]
[SourceTitle "EXT 2022"]
[Source "ChessBase"]
[SourceDate "2021.10.06"]
[SourceVersion "1"]
[SourceVersionDate "2021.10.06"]
[SourceQuality "1"]

1. e4 e5 2. Nf3 Nc6 3. Bc4 Bc5 4. b4 Bxb4 5. c3 Ba5 6. d4 exd4 7. O-O d6 8. cxd4 Bb6 9. h3 Nf6 10. Re1 O-O 11. Nc3 Ba5 12. Bb2 Bxc3 13. Bxc3 Nxe4 14. Bxf7+ Rxf7 15. Rxe4 d5 16. Re3 Rf8 17. Qb3 Qd6 18. Rae1 Bd7 19. Qxb7 Rab8 20. Qa6 Nxd4 21. Qxd6 Nxf3+ 22. Rxf3 cxd6 23. Re7 Rxf3 24. Rxg7+ Kf8 25. gxf3 Bxh3 26. Rxh7 Rb1+ 27. Kh2 Bf1 28. Rxa7 Rc1 29. Bb4 Rc6 30. Rd7 Ke8 31. Rxd6 Rxd6 32. Bxd6 Kd7 33. Bc5 Ke6 34. f4 Kf5 35. Kg3 Be2 36. f3 Bd1 37. Bd4 Ba4 38. Be5 Bd1 39. Kf2 d4 40. Bxd4 Kxf4 41. Be3+ Ke5 42. Kg3 Bxf3 43. Kxf3 Kd5 44. Kf4 1/2-1/2

[Event "RA Fall op"]
[Site "Ottawa CAN"]
[Date "2017.09.30"]
[Round "3"]
[White "Gordon, David"]
[Black "Marin, Sam"]
[Result "1-0"]
[WhiteElo "2315"]
[BlackElo "2027"]
[WhiteFideId "-1"]
[WhiteFideId "-1"]
[PlyCount "59"]
[GameId "2160767908330259"]
[EventDate "2017.09.29"]
[EventType "swiss"]
[EventRounds "5"]
[EventCountry "CAN"]
[SourceTitle "EXT 2022"]
[Source "ChessBase"]
[SourceDate "2021.10.06"]
[SourceVersion "1"]
[SourceVersionDate "2021.10.06"]
[SourceQuality "1"]

1. d4 Nf6 2. Bg5 e6 3. e4 h6 4. Bxf6 Qxf6 5. c3 d5 6. Nd2 c5 7. Ngf3 Nc6 8. Bb5 Bd7 9. O-O O-O-O 10. Rc1 Kb8 11. Qe2 g5 12. Bxc6 Bxc6 13. Ne5 Be8 14. Ng4 Qg7 15. exd5 Rxd5 16. Ne3 Rd8 17. Nb3 cxd4 18. cxd4 Bd6 19. Qf3 f5 20. Nc5 Qe7 21. Rfe1 g4 22. Qe2 Qh4 23. Nf1 Bc6 24. Qxe6 f4 25. d5 Bxc5 26. Rxc5 Rhe8 27. dxc6 bxc6 28. Qxe8 Rxe8 29. Rxe8+ Kc7 30. Re6 1-0

[Event "RA Fall op"]
[Site "Ottawa CAN"]
[Date "2017.09.30"]
[Round "3"]
[White "Miller, Rachel"]
[Black "Pacey, Kevin"]
[Result "1/2-1/2"]
[WhiteElo "1884"]
[BlackElo "2161"]
[WhiteFideId "-1"]
[WhiteFideId "-1"]
[PlyCount "68"]
[GameId "2160767908330261"]
[EventDate "2017.09.29"]
[EventType "swiss"]
[EventRounds "5"]
[EventCountry "CAN"]
[SourceTitle "EXT 2022"]
[Source "ChessBase"]
[SourceDate "2021.10.06"]
[SourceVersion "1"]
[SourceVersionDate "2021.10.06"]
[SourceQuality "1"]

1. e4 d6 2. d4 Nf6 3. Nc3 g6 4. f3 c6 5. Be3 Nbd7 6. Qd2 b5 7. Nh3 Nb6 8. Nf2 a5 9. Bd3 Qc7 10. O-O Bg7 11. Bh6 O-O 12. Bxg7 Kxg7 13. Rae1 e5 14. dxe5 dxe5 15. Nh1 b4 16. Nd1 Na4 17. Ng3 Qb6+ 18. Kh1 h6 19. f4 Qd4 20. b3 Nc5 21. fxe5 Qxe5 22. Ne3 Ng4 23. Nxg4 Bxg4 24. Rf4 Qg5 25. Qf2 Ne6 26. Rxg4 Qxg4 27. e5 Qf4 28. Qb6 Rfb8 29. Qxc6 Rc8 30. Qb6 Qd4 31. Qb5 Rab8 32. Qa6 Qb6 33. Qxb6 Rxb6 34. Rf1 Rc5 1/2-1/2

[Event "RA Fall op"]
[Site "Ottawa CAN"]
[Date "2017.09.30"]
[Round "3"]
[White "Zhang, Jikai"]
[Black "Cova, Ramon"]
[Result "1-0"]
[WhiteElo "1978"]
[BlackElo "2085"]
[WhiteFideId "-1"]
[WhiteFideId "-1"]
[PlyCount "80"]
[GameId "2160767908330262"]
[EventDate "2017.09.29"]
[EventType "swiss"]
[EventRounds "5"]
[EventCountry "CAN"]
[SourceTitle "EXT 2022"]
[Source "ChessBase"]
[SourceDate "2021.10.06"]
[SourceVersion "1"]
[SourceVersionDate "2021.10.06"]
[SourceQuality "1"]

1. e4 Nf6 2. e5 Nd5 3. d4 Nb6 4. c4 d6 5. exd6 exd6 6. Be2 Be7 7. Nf3 O-O 8. O-O Bg4 9. Nc3 Nc6 10. b3 Bf6 11. Be3 d5 12. c5 Nc8 13. h3 Bf5 14. a3 a5 15. Nb5 Qd7 16. Bf4 Bd8 17. Bd3 N8e7 18. Re1 Rc8 19. Ra2 Ng6 20. Bg3 Bxd3 21. Qxd3 Re8 22. Rae2 Rxe2 23. Qxe2 Be7 24. h4 h6 25. a4 Nf8 26. Na7 Nxa7 27. Qxe7 Nc6 28. Qe3 Ne6 29. Ne5 Nxe5 30. Bxe5 b6 31. Qg3 bxc5 32. dxc5 Kf8 33. Bc3 Rb8 34. Bxa5 Nxc5 35. Bxc7 Rxb3 36. Qd6+ Qxd6 37. Bxd6+ Kg8 38. Bxc5 Rc3 39. Bb6 Rc4 40. a5 Rxh4 1-0

[Event "RA Fall op"]
[Site "Ottawa CAN"]
[Date "2017.10.01"]
[Round "4"]
[White "Doubleday, William"]
[Black "Donev, Danail"]
[Result "1-0"]
[WhiteElo "2028"]
[BlackElo "1945"]
[WhiteFideId "-1"]
[WhiteFideId "-1"]
[PlyCount "55"]
[GameId "2160767908330263"]
[EventDate "2017.09.29"]
[EventType "swiss"]
[EventRounds "5"]
[EventCountry "CAN"]
[SourceTitle "EXT 2022"]
[Source "ChessBase"]
[SourceDate "2021.10.06"]
[SourceVersion "1"]
[SourceVersionDate "2021.10.06"]
[SourceQuality "1"]

1. d4 Nf6 2. c4 g6 3. Nc3 Bg7 4. e4 d6 5. h3 O-O 6. Be3 e5 7. d5 c6 8. Nf3 cxd5 9. cxd5 a6 10. Bd3 Nbd7 11. Rc1 Nh5 12. g3 f5 13. exf5 gxf5 14. Ng5 Ndf6 15. Ne6 Bxe6 16. dxe6 f4 17. gxf4 Nxf4 18. Rg1 Kh8 19. Bxf4 exf4 20. Rxg7 Kxg7 21. Qf3 Qe7 22. Kd2 Rac8 23. Nd5 Nxd5 24. Rg1+ Kh8 25. Qxd5 b5 26. Bxh7 Qf6 27. Qh5 Qxb2+ 28. Bc2# 1-0

[Event "RA Fall op"]
[Site "Ottawa CAN"]
[Date "2017.10.01"]
[Round "4"]
[White "Marin, Sam"]
[Black "Miller, Rachel"]
[Result "1-0"]
[WhiteElo "2027"]
[BlackElo "1884"]
[WhiteFideId "-1"]
[WhiteFideId "-1"]
[PlyCount "77"]
[GameId "2160767908330264"]
[EventDate "2017.09.29"]
[EventType "swiss"]
[EventRounds "5"]
[EventCountry "CAN"]
[SourceTitle "EXT 2022"]
[Source "ChessBase"]
[SourceDate "2021.10.06"]
[SourceVersion "1"]
[SourceVersionDate "2021.10.06"]
[SourceQuality "1"]

1. c4 c5 2. Nc3 Nf6 3. g3 Nc6 4. Bg2 b6 5. e4 Rb8 6. Nge2 Bb7 7. d4 cxd4 8. Nxd4 Nxd4 9. Qxd4 d6 10. O-O g6 11. b3 Bg7 12. Bb2 O-O 13. Qd2 a6 14. Rfd1 Qc7 15. Rac1 Rbc8 16. Bh3 Rcd8 17. Nd5 Bxd5 18. cxd5 Qb7 19. f3 b5 20. Qa5 Rfe8 21. Rc7 Qb8 22. Bd4 e6 23. Ba7 Qa8 24. dxe6 fxe6 25. Qxa6 b4 26. Rxd6 Nxe4 27. Bxe6+ Kh8 28. fxe4 Rxd6 29. Qxd6 Qxe4 30. Bc4 Be5 31. Qd7 Qe1+ 32. Kg2 Bxc7 33. Bd4+ Re5 34. Qc8+ Bd8 35. Qxd8+ Kg7 36. Qe7+ Kh6 37. Qxe5 Qd2+ 38. Kh3 Qd1 39. Be3+ 1-0

[Event "RA Fall op"]
[Site "Ottawa CAN"]
[Date "2017.10.01"]
[Round "4"]
[White "Pacey, Kevin"]
[Black "Xu, Daniel"]
[Result "1/2-1/2"]
[WhiteElo "2161"]
[BlackElo "1764"]
[WhiteFideId "-1"]
[WhiteFideId "-1"]
[PlyCount "85"]
[GameId "2160767908330265"]
[EventDate "2017.09.29"]
[EventType "swiss"]
[EventRounds "5"]
[EventCountry "CAN"]
[SourceTitle "EXT 2022"]
[Source "ChessBase"]
[SourceDate "2021.10.06"]
[SourceVersion "1"]
[SourceVersionDate "2021.10.06"]
[SourceQuality "1"]

1. b3 d5 2. Bb2 Nf6 3. e3 e6 4. Nf3 Be7 5. d4 O-O 6. Bd3 b6 7. Nbd2 Bb7 8. O-O Nbd7 9. c4 c5 10. cxd5 Nxd5 11. Rc1 cxd4 12. Nxd4 Rc8 13. Rxc8 Qxc8 14. Qh5 N7f6 15. Qh3 g6 16. Nc4 Nb4 17. Bb1 Nc6 18. Nb5 Qb8 19. Nbd6 Ba6 20. Qf3 Nd5 21. Ne4 f5 22. Nc3 Bxc4 23. bxc4 Ne5 24. Qe2 Ng4 25. g3 Nxc3 26. Bxc3 Bf6 27. Bb4 Rd8 28. Rd1 Qc7 29. Rxd8+ Qxd8 30. Qd3 Ne5 31. Qxd8+ Bxd8 32. c5 Nc6 33. cxb6 Bxb6 34. Bc3 Ba5 35. Bb2 Kf7 36. Bd3 Nb4 37. Bc4 Nd5 38. Bxd5 exd5 39. Bd4 a6 40. Kf1 Ke7 41. Ke2 Kd6 42. Kd3 h5 43. f3 1/2-1/2

[Event "RA Fall op"]
[Site "Ottawa CAN"]
[Date "2017.10.01"]
[Round "4"]
[White "Sadeghi, Saeid"]
[Black "Lanceman, Stefan"]
[Result "1-0"]
[WhiteElo "2098"]
[BlackElo "1985"]
[WhiteFideId "-1"]
[WhiteFideId "-1"]
[PlyCount "75"]
[GameId "2160767908330266"]
[EventDate "2017.09.29"]
[EventType "swiss"]
[EventRounds "5"]
[EventCountry "CAN"]
[SourceTitle "EXT 2022"]
[Source "ChessBase"]
[SourceDate "2021.10.06"]
[SourceVersion "1"]
[SourceVersionDate "2021.10.06"]
[SourceQuality "1"]

1. d4 Nf6 2. c4 c5 3. d5 e5 4. Nc3 d6 5. e4 Be7 6. Bd3 Nbd7 7. Nge2 Nf8 8. O-O Ng6 9. Ng3 O-O 10. Nf5 h6 11. g3 Nh7 12. Be3 Bg5 13. f4 exf4 14. gxf4 Bf6 15. Qh5 Ne7 16. Nxd6 g6 17. Qe2 Qxd6 18. e5 Bxe5 19. fxe5 Qxe5 20. Bxc5 Qxe2 21. Nxe2 Re8 22. Nd4 Bd7 23. Bb4 b6 24. b3 f5 25. Rae1 Kf7 26. a4 Nf6 27. Nb5 Bxb5 28. axb5 Nfxd5 29. cxd5 Nxd5 30. Bc4 Rad8 31. Rd1 Re5 32. Rxd5 Rexd5 33. Rd1 Ke6 34. Bc3 R8d7 35. Kf2 Rd8 36. Ke3 R8d7 37. h4 g5 38. h5 1-0

[Event "RA Fall op"]
[Site "Ottawa CAN"]
[Date "2017.10.01"]
[Round "4"]
[White "Zhang, Jikai"]
[Black "Gordon, David"]
[Result "0-1"]
[WhiteElo "1978"]
[BlackElo "2315"]
[WhiteFideId "-1"]
[WhiteFideId "-1"]
[PlyCount "78"]
[GameId "2160767908330267"]
[EventDate "2017.09.29"]
[EventType "swiss"]
[EventRounds "5"]
[EventCountry "CAN"]
[SourceTitle "EXT 2022"]
[Source "ChessBase"]
[SourceDate "2021.10.06"]
[SourceVersion "1"]
[SourceVersionDate "2021.10.06"]
[SourceQuality "1"]

1. e4 c5 2. Nf3 Nc6 3. Bb5 Nf6 4. e5 Nd5 5. O-O g6 6. c3 Bg7 7. d4 cxd4 8. cxd4 O-O 9. Qb3 Nc7 10. Nc3 Nxb5 11. Nxb5 a6 12. Nc3 b5 13. Bf4 Bb7 14. Rad1 Rc8 15. Ne2 Na5 16. Qd3 Nc4 17. Bc1 d6 18. b3 dxe5 19. Nxe5 Nxe5 20. dxe5 Qxd3 21. Rxd3 Bxe5 22. Bf4 Bxf4 23. Nxf4 Rfd8 24. Rfd1 Rxd3 25. Nxd3 Rd8 26. f3 e5 27. b4 e4 28. fxe4 Bxe4 29. Nf2 Rxd1+ 30. Nxd1 f5 31. Kf2 Kf7 32. Nc3 Ke6 33. g3 Ke5 34. Ke3 g5 35. Ne2 Kd5 36. a3 h6 37. h3 Bg2 38. h4 Bf1 39. Ng1 g4 0-1

[Event "RA Fall op"]
[Site "Ottawa CAN"]
[Date "2017.10.01"]
[Round "5"]
[White "Doubleday, William"]
[Black "Zhang, Jikai"]
[Result "0-1"]
[WhiteElo "2028"]
[BlackElo "1978"]
[WhiteFideId "-1"]
[WhiteFideId "-1"]
[PlyCount "76"]
[GameId "2160767908330268"]
[EventDate "2017.09.29"]
[EventType "swiss"]
[EventRounds "5"]
[EventCountry "CAN"]
[SourceTitle "EXT 2022"]
[Source "ChessBase"]
[SourceDate "2021.10.06"]
[SourceVersion "1"]
[SourceVersionDate "2021.10.06"]
[SourceQuality "1"]

1. d4 Nf6 2. c4 e6 3. Nc3 Bb4 4. e3 d5 5. a3 Bxc3+ 6. bxc3 O-O 7. Nf3 c5 8. Bd3 dxc4 9. Bxc4 Qc7 10. Bd3 cxd4 11. c4 e5 12. e4 h6 13. Bd2 Nbd7 14. O-O a5 15. Qe2 Nc5 16. Rac1 b6 17. Nh4 Be6 18. f4 Bg4 19. Nf3 exf4 20. h3 Bh5 21. e5 Nxd3 22. Qxd3 Bg6 23. Qxd4 Nh5 24. Rfe1 Rad8 25. Qf2 Rfe8 26. Bc3 Ng3 27. Nh4 Bd3 28. Qxf4 Ne2+ 29. Rxe2 Bxe2 30. Nf5 Re6 31. Nd6 f6 32. Qf5 Qc5+ 33. Kh1 Rexd6 34. Qe4 Rd1+ 35. Rxd1 Rxd1+ 36. Kh2 Qg1+ 37. Kg3 Rd3+ 38. Kh4 g5# 0-1

[Event "RA Fall op"]
[Site "Ottawa CAN"]
[Date "2017.10.01"]
[Round "5"]
[White "Lanceman, Stefan"]
[Black "Cova, Ramon"]
[Result "0-1"]
[WhiteElo "1985"]
[BlackElo "2085"]
[WhiteFideId "-1"]
[WhiteFideId "-1"]
[PlyCount "62"]
[GameId "2160767908330270"]
[EventDate "2017.09.29"]
[EventType "swiss"]
[EventRounds "5"]
[EventCountry "CAN"]
[SourceTitle "EXT 2022"]
[Source "ChessBase"]
[SourceDate "2021.10.06"]
[SourceVersion "1"]
[SourceVersionDate "2021.10.06"]
[SourceQuality "1"]

1. e4 Nf6 2. e5 Nd5 3. d4 Nb6 4. c4 d6 5. exd6 exd6 6. Nf3 Bg4 7. Be2 Nc6 8. b3 Be7 9. Bb2 Bf6 10. O-O O-O 11. Qd2 d5 12. c5 Nc8 13. b4 a6 14. a4 Bxf3 15. Bxf3 N6e7 16. Nc3 c6 17. Qd3 g6 18. Bc1 Nf5 19. Ne2 Nce7 20. Bg4 Re8 21. Bh3 Ng7 22. Ng3 h5 23. f4 h4 24. Ne2 Nef5 25. Bb2 Re3 26. Qd2 Qe7 27. Rae1 Re8 28. Kf2 Qe4 29. Bg4 Rd3 30. Qc1 Qe3+ 31. Qxe3 Nxe3 0-1

[Event "RA Fall op U1900"]
[Site "Ottawa CAN"]
[Date "2017.09.30"]
[Round "2"]
[White "Bigras, Jean"]
[Black "Laurin, Marcel"]
[Result "1-0"]
[WhiteElo "1685"]
[BlackElo "1728"]
[WhiteFideId "-1"]
[WhiteFideId "-1"]
[PlyCount "51"]
[GameId "2160767908330271"]
[EventDate "2017.09.29"]
[EventType "swiss"]
[EventRounds "5"]
[EventCountry "CAN"]

1. e4 b6 2. d4 Bb7 3. Bd3 d6 4. Nf3 h6 5. Qe2 e6 6. c4 Nd7 7. Nc3 Ne7 8. O-O g5 9. Rd1 Ng6 10. e5 Rg8 11. d5 g4 12. dxe6 gxf3 13. exf7+ Kxf7 14. e6+ Kg7 15. Qe3 Qg5 16. Qxg5 hxg5 17. exd7 Ne5 18. Bxg5 Nxd7 19. Be4 Bxe4 20. Nxe4 fxg2 21. Kxg2 Re8 22. Re1 Kh7 23. h4 Be7 24. Kh3 Ne5 25. Bxe7 Rxe7 26. Nf6+ 1-0

[Event "RA Fall op U1900"]
[Site "Ottawa CAN"]
[Date "2017.09.30"]
[Round "3"]
[White "Laurin, Marcel"]
[Black "Piche, Guy"]
[Result "1-0"]
[WhiteElo "1728"]
[BlackElo "1695"]
[WhiteFideId "-1"]
[WhiteFideId "-1"]
[PlyCount "55"]
[GameId "2160767908330272"]
[EventDate "2017.09.29"]
[EventType "swiss"]
[EventRounds "5"]
[EventCountry "CAN"]

1. d4 f5 2. Nf3 Nf6 3. Bf4 e6 4. e3 b6 5. Bd3 Bb7 6. O-O Be7 7. c4 O-O 8. Nc3 Ne4 9. Rc1 g5 10. Bg3 Nxc3 11. Rxc3 f4 12. exf4 gxf4 13. Ne5 fxg3 14. Bxh7+ Kxh7 15. Qh5+ Kg7 16. Rxg3+ Bg5 17. Rxg5+ Kf6 18. Rg6+ Ke7 19. Rg7+ Kd6 20. c5+ bxc5 21. dxc5+ Kxc5 22. Nf7+ Kb4 23. Nxd8 Rxd8 24. Rc1 Bd5 25. Rg3 Na6 26. Qg5 Bxa2 27. Ra3 Bd5 28. Qd2+ 1-0

[Event "RA March op"]
[Site "Ottawa CAN"]
[Date "2017.03.03"]
[Round "1"]
[White "Gordon, David"]
[Black "Tanaka, Tyler"]
[Result "1-0"]
[WhiteElo "2237"]
[BlackElo "2015"]
[WhiteFideId "-1"]
[WhiteFideId "-1"]
[PlyCount "95"]
[GameId "2160767908478368"]
[EventDate "2017.03.03"]
[EventType "swiss"]
[EventRounds "5"]
[EventCountry "CAN"]
[SourceTitle "EXT 2022"]
[Source "ChessBase"]
[SourceDate "2021.10.06"]
[SourceVersion "1"]
[SourceVersionDate "2021.10.06"]
[SourceQuality "1"]

1. d4 Nf6 2. Bg5 c5 3. d5 d6 4. Nc3 g6 5. e4 Bg7 6. Nge2 b5 7. Ng3 a6 8. a4 b4 9. Nb1 a5 10. Nd2 Nbd7 11. Bb5 O-O 12. Qe2 Qc7 13. O-O Nb6 14. b3 Bd7 15. Bd3 e6 16. Qf3 Ne8 17. Rad1 f6 18. Be3 exd5 19. exd5 f5 20. Bf4 Nf6 21. Nc4 Nxc4 22. Bxc4 Ng4 23. Rfe1 Rae8 24. Ne2 Ne5 25. Bxe5 Bxe5 26. Nf4 Kg7 27. Ne6+ Bxe6 28. dxe6 Re7 29. g3 f4 30. g4 Qb7 31. Bd5 Qc7 32. h4 Qb6 33. Kg2 Qc7 34. Rd3 Qa7 35. Qe4 Qc7 36. Kf3 Qa7 37. Rdd1 Ree8 38. Rh1 Qe7 39. Rh3 Qf6 40. Bc4 Rh8 41. Rf1 h5 42. Rg1 Rh7 43. Rh2 hxg4+ 44. Rxg4 Rh6 45. Rhg2 Kh7 46. Rg5 Rxh4 47. Rxg6 Rh3+ 48. R6g3+ 1-0

[Event "RA March op"]
[Site "Ottawa CAN"]
[Date "2017.03.03"]
[Round "1"]
[White "Palsson, Halldor"]
[Black "Marinkovic, Mate"]
[Result "1/2-1/2"]
[WhiteElo "1984"]
[BlackElo "2130"]
[WhiteFideId "-1"]
[WhiteFideId "-1"]
[PlyCount "133"]
[GameId "2160767908478369"]
[EventDate "2017.03.03"]
[EventType "swiss"]
[EventRounds "5"]
[EventCountry "CAN"]
[SourceTitle "EXT 2022"]
[Source "ChessBase"]
[SourceDate "2021.10.06"]
[SourceVersion "1"]
[SourceVersionDate "2021.10.06"]
[SourceQuality "1"]

1. d4 d5 2. c4 c6 3. Nc3 Nf6 4. Nf3 dxc4 5. a4 Bf5 6. e3 e6 7. Bxc4 Bb4 8. O-O Nbd7 9. Nh4 O-O 10. Nxf5 exf5 11. Qc2 g6 12. f3 Nb6 13. Bb3 a5 14. Rd1 Qe7 15. e4 fxe4 16. Nxe4 Nfd5 17. Bg5 f6 18. Bh4 Kh8 19. Bf2 Rad8 20. Rd3 f5 21. Nc3 Nf4 22. Rd2 Qg5 23. Bg3 Rfe8 24. Kh1 Nh5 25. Bf2 Qf4 26. Qd1 c5 27. g3 Qd6 28. Nb5 Qd7 29. Re2 c4 30. Bc2 Nd5 31. b3 Nc3 32. Nxc3 Bxc3 33. Rb1 b5 34. axb5 Qxb5 35. bxc4 Qxc4 36. Bd3 Qd5 37. Rxe8+ Rxe8 38. Rb5 Qa2 39. Kg1 Nf6 40. Qb3 Qd2 41. Qc2 Re2 42. Qxd2 Rxd2 43. Bf1 a4 44. Rb6 a3 45. Rxf6 a2 46. Ra6 a1=Q 47. Rxa1 Bxa1 48. Bb5 Bxd4 49. Bxd4+ Rxd4 50. Kg2 Kg7 51. h4 f4 52. gxf4 Rxf4 53. Kg3 Rb4 54. Bc6 Kf6 55. Bd7 Ke5 56. Bc6 Rc4 57. Bb5 Rf4 58. Bd7 Rf6 59. Kg4 h6 60. Bc8 Kd4 61. Bb7 Ke3 62. Kg3 Rf4 63. Bc6 Rc4 64. Bb7 Rc1 65. Kg2 Kf4 66. Be4 Rc7 67. Bxg6 1/2-1/2